| 000 | 00960nam a22002897a 4500 | ||
|---|---|---|---|
| 001 | 000606 | ||
| 003 | DO-SdBNP | ||
| 005 | 20180131133710.0 | ||
| 007 | 000606 | ||
| 008 | 161027b 1991 sp a ||||| |||| 00| 0 spa d | ||
| 020 | _a8427249136 | ||
| 040 |
_aBPMSU _bspa _cBPMSU |
||
| 041 | 1 | 7 |
_aspa _heng |
| 082 |
_axxxx _bxxxx |
||
| 100 | 1 | _aArthur, Robert | |
| 240 | 1 | 0 |
_aThe secret of the crooked cat. _lEspañol |
| 245 | 1 | 0 |
_aMisterio del gato de trapo / _ctexto de Robert Arthur ; traducción de Ma. Lourdes Pol de Ramírez. |
| 260 |
_aBarcelona : _bMolino, _c1991. |
||
| 300 |
_a152 p. : _bil. ; _c21 cm. |
||
| 490 | 1 |
_aAlfred Hitchcock y los tres investigadores _v13 |
|
| 500 | _aTraducción de: The secret of the crooked cat. | ||
| 700 | 1 | 2 |
_aPol de Ramírez, M. L. _4tr. |
| 830 | 0 |
_aAlfred Hitchcock y los tres investigadores ; _v13 |
|
| 942 |
_2ddc _cBK |
||
| 945 | _aInventariado, 2018/ YL | ||
| 956 |
_2LOPEREZ _310 _620161027 _8BPMSU _a00041 |
||
| 999 |
_c11700 _d11700 |
||